| 000 | 00556nam a2200193Ia 4500 | ||
|---|---|---|---|
| 003 | GCL | ||
| 008 | 140319s9999 xx 000 0 ara d | ||
| 040 |
_aGCL / _cGCL |
||
| 082 | 0 | 4 |
_a751.422 _bج ر |
| 100 | 1 | _aجوزيف عبود كبة | |
| 245 | 1 | 0 |
_aرسم الطيور بالالوان المائية / _cجوزيف عبود كبة |
| 300 | _a48 ص | ||
| 490 |
_aسلسلة تعليم الرسم _v0 |
||
| 650 | 0 | 4 | _aالرسم |
| 650 | 0 | 4 | _aالالوان |
| 650 | 0 | 4 | _aالطيور |
| 650 | 0 | 4 | _aالالوان المائية |
| 942 |
_2ddc _cBK |
||
| 999 |
_c44012 _d44012 |
||